It takes two to tango: steps towards change in the water sector /

Guardado en:
Bibliografiske detaljer
Hovedforfatter: Goldin, Jaqui
Format: Texto
Tags: Tilføj Tag
Ingen Tags, Vær først til at tagge denne postø!

MARC

LEADER 00000 a a2200000 04500
001 43892
003
040
100 |a Goldin, Jaqui  
245 |a It takes two to tango:   |b steps towards change in the water sector /  |c Jaqui Goldin  
773 |g páginas 47-64  
999 |c 24535  |d 24535